000 00499nam a2200193Ia 4500
005 20240823050312.0
008 240823s9999||||xx |||||||||||||| ||und||
020 _a81-239-1089-4
041 _aENGLISH
082 _A621.4021 Q2
100 _aSinghal S C
245 0 _aProblems and Solutions in Engineering Thermodynamics
250 _a1st
260 _c2012
_b"CBS Publishers & Distributors,New "
500 _aYES
650 _aThermodynamics
_bMechanical
942 _cBK
999 _c216938
_d216938